1002 1239 1834 1187 1793 1639 1684 1017 1810 1399 1306 1221 1224 1128 1722 1230 1224 1933 1190 1413 1781 1763 1107 1399 1799 1243 1277 1762 1229 1827 1509 1675 1527 1792 1728 1702 1257 1974 1244 1282 1171 1148 1990 1950 1801 1169 1835 1043 1453 1080 1040 1690 1245 1663 1036 1533 1471 1655 1592 1680 1382 1703 1695 1578 1582 1328 1440 1920 1681 1175 1528 1925 1390 1460 1184 1375 1989 1783 1825 1831 1018 1028 1176 1143 1531 1575 1027 1057 1078 1399 1657 1829 1852 1329 1973 1081 1319 1449 1058 BCNSPRNW ULIB Ver.6.0+V

เปลี่ยนเป็นภาษาไทย

Change to English
 แสดงรายละเอียดบรรณานุกรม
  กลับหน้าหลัก

Brief Record : Get Marc (ISO 2709) : E-mail record : QR code < ปิดหน้าต่าง
LEADER : 00000nam 2200000uu 4500
001    13399128804
003     ULIB
008    240923s2565||||th 000 0 tha d
020    ^a9786162070600
040    ^acl
060 04 ^aQS4^bช356ร 2565
100 0  ^aชัชพล เกียรติขจรธาดา
245 10 ^aเรื่องเล่าจากร่างกาย เล่ม 1 :^bเข้าใจร่างกายพฤติกรรมและธรรมชาติผ่านกระบวนการวิวัฒนาการ /^cชัชพลเกียรติขจรธาดา
250    ^aพิมพ์ครั้งที่ 16
260    ^aกรุงเทพฯ :^bอมรินทร์พริ้นติ้งแอนด์พับลิชชิ่ง
300    ^a287 หน้า :^bภาพประกอบ ;^c23 ซม.
505 2  ^aตอนที่ 1 วิวัฒนาการและกำเนิดมนุษย์
650  4 ^aร่างกาย
650  4 ^aมนุษย์^xกำเนิดและบรรพบุรุษ
650  4 ^aวิวัฒนาการของมนุษย์
650  4 ^aสรีรวิทยา
910    ^aSend to UC
945    ^p300^l0^i30268
945    ^p300^l0^i30269
945    ^p300^l0^i30270
945    ^p300^l0^i30271
945    ^p300^l0^i30272
945    ^p300^l0^i30273
945    ^p300^l0^i30274
995    ^aกัณชพร จุลอักษร
999    ^aกัณชพร
รายการนี้ยังไม่มีแท็ก
คุณยังไม่ได้ล็อกอิน คุณสามารถมีกิจกรรมร่วมกับเว็บไซต์ได้ แต่ต้องล็อกอินก่อน ::
  ล็อกอิน

รายการสื่อสารสนเทศ

ลำดับที่ ประเภท เลขเรียก/บาร์โค้ด สถานที่ สถานะ
1. หนังสือสำรอง
หนังสือสำรอง
QS4 ช356ร 2565 ฉ.1 
  Barcode: 30268
ห้องสมุดวิทยาเขตนครสวรรค์
►หนังสือทั่วไป:l:General Books
บนชั้น
2. วิทยาศาสตร์การแพทย์ และสุขภาพ
วิทยาศาสตร์การแพทย์ และสุขภาพ
QS4 ช356ร 2565 ฉ.2 
  Barcode: 30269
ห้องสมุดวิทยาเขตนครสวรรค์
►หนังสือทั่วไป:l:General Books
บนชั้น
3. วิทยาศาสตร์การแพทย์ และสุขภาพ
วิทยาศาสตร์การแพทย์ และสุขภาพ
QS4 ช356ร 2565 ฉ.3 
  Barcode: 30270
ห้องสมุดวิทยาเขตนครสวรรค์
►หนังสือทั่วไป:l:General Books
บนชั้น
4. วิทยาศาสตร์การแพทย์ และสุขภาพ
วิทยาศาสตร์การแพทย์ และสุขภาพ
QS4 ช356ร 2565 ฉ.4 
  Barcode: 30271
ห้องสมุดวิทยาเขตนครสวรรค์
►หนังสือทั่วไป:l:General Books
บนชั้น
5. วิทยาศาสตร์การแพทย์ และสุขภาพ
วิทยาศาสตร์การแพทย์ และสุขภาพ
QS4 ช356ร 2565 ฉ.5 
  Barcode: 30272
ห้องสมุดวิทยาเขตนครสวรรค์
►หนังสือทั่วไป:l:General Books
บนชั้น
6. วิทยาศาสตร์การแพทย์ และสุขภาพ
วิทยาศาสตร์การแพทย์ และสุขภาพ
QS4 ช356ร 2565 ฉ.6 
  Barcode: 30273
ห้องสมุดวิทยาเขตนครสวรรค์
►หนังสือทั่วไป:l:General Books
บนชั้น
7. วิทยาศาสตร์การแพทย์ และสุขภาพ
วิทยาศาสตร์การแพทย์ และสุขภาพ
QS4 ช356ร 2565 ฉ.7 
  Barcode: 30274
ห้องสมุดวิทยาเขตนครสวรรค์
►หนังสือทั่วไป:l:General Books
บนชั้น

รายการใกล้เคียง
    ผู้แต่ง [ชัชพล เกียรติขจรธาดา]

    หัวเรื่อง [ร่างกาย]
    หัวเรื่อง [วิวัฒนาการของมนุษย์]
    หัวเรื่อง [สรีรวิทยา]

BibComment


ยังไม่เคยถูกคอมเมนท์

คอมเมนท์ทรัพยากรรายการนี้
  คอมเมนท์: เรื่องเล่าจากร่า..


 Copyright 2026. Bcnsprnw @Library